Linguistics: (Record no. 1559)
[ view plain ]
| 000 -LEADER | |
|---|---|
| fixed length control field | 00518nam a2200157 4500 |
| 008 - FIXED-LENGTH DATA ELEMENTS--GENERAL INFORMATION | |
| fixed length control field | 160405b xxu||||| |||| 00| 0 eng d |
| 020 ## - INTERNATIONAL STANDARD BOOK NUMBER | |
| International Standard Book Number | 9780521614788 |
| 082 ## - DEWEY DECIMAL CLASSIFICATION NUMBER | |
| Edition number | 2009 |
| Classification number | DC 410 |
| Item number | L75 |
| 245 ## - TITLE STATEMENT | |
| Title | Linguistics: |
| Remainder of title | an introduction/ |
| Statement of responsibility, etc. | Andrew Radford [and 4 others] |
| 260 ## - PUBLICATION, DISTRIBUTION, ETC. (IMPRINT) | |
| Place of publication, distribution, etc. | Cambridge: |
| Name of publisher, distributor, etc. | Cambridge University Press, |
| Date of publication, distribution, etc. | c2009 |
| 300 ## - PHYSICAL DESCRIPTION | |
| Extent | xv, 433 pages: |
| Other physical details | illustrations; |
| Dimensions | 25 cm. |
| 500 ## - GENERAL NOTE | |
| General note | Includes bibliographical references and index. |
| 650 #0 - SUBJECT ADDED ENTRY--TOPICAL TERM | |
| 9 (RLIN) | 4850 |
| Topical term or geographic name as entry element | Linguistics |
| 365 ## - TRADE PRICE | |
| Price amount | 3, 840.00 |
| Currency code | Php |
| 942 ## - ADDED ENTRY ELEMENTS (KOHA) | |
| Source of classification or shelving scheme | Dewey Decimal Classification |
| Koha item type | Circulation |
| Withdrawn status | Lost status | Source of classification or shelving scheme | Damaged status | Not for loan | Collection code | Home library | Current library | Shelving location | Date acquired | Source of acquisition | Total Checkouts | Full call number | Barcode | Date last seen | Date last checked out | Copy number | Price effective from | Koha item type |
|---|---|---|---|---|---|---|---|---|---|---|---|---|---|---|---|---|---|---|
| Dewey Decimal Classification | Circulation | UM Digos College - LIC | UM Digos College - LIC | Book Cart | 09/24/2010 | Purchased | 4 | DC 410 L75 2009 | 21155 | 05/15/2025 | 01/25/2023 | 1 | 04/05/2016 | Circulation |
